<?xml version="1.0" encoding="UTF-8"?>
<record
    xmlns:xsi="http://www.w3.org/2001/XMLSchema-instance"
    xsi:schemaLocation="http://www.loc.gov/MARC21/slim http://www.loc.gov/standards/marcxml/schema/MARC21slim.xsd"
    xmlns="http://www.loc.gov/MARC21/slim">

  <leader>00843nam a22002297a 4500</leader>
  <controlfield tag="005">20250908151340.0</controlfield>
  <datafield tag="010" ind1=" " ind2=" ">
    <subfield code="a">B-772802-809        ENG-146785                       BACEN25</subfield>
  </datafield>
  <datafield tag="020" ind1=" " ind2=" ">
    <subfield code="a">9789356099692</subfield>
    <subfield code="c">1350.00</subfield>
  </datafield>
  <datafield tag="035" ind1=" " ind2=" ">
    <subfield code="a">B-772802-809 </subfield>
  </datafield>
  <datafield tag="035" ind1=" " ind2=" ">
    <subfield code="a">EN-130317</subfield>
  </datafield>
  <datafield tag="037" ind1=" " ind2=" ">
    <subfield code="b">Arihant Books </subfield>
  </datafield>
  <datafield tag="037" ind1=" " ind2=" ">
    <subfield code="b">DBAD</subfield>
    <subfield code="a">DPL</subfield>
  </datafield>
  <datafield tag="082" ind1=" " ind2=" ">
    <subfield code="a">181.499</subfield>
    <subfield code="2">1</subfield>
  </datafield>
  <datafield tag="100" ind1=" " ind2=" ">
    <subfield code="a">Giri, Anil K.</subfield>
    <subfield code="9">84935</subfield>
  </datafield>
  <datafield tag="245" ind1=" " ind2=" ">
    <subfield code="a">Aurobindo Ghosh/</subfield>
    <subfield code="c">By Anil K. Giri</subfield>
  </datafield>
  <datafield tag="250" ind1=" " ind2=" ">
    <subfield code="a">1</subfield>
  </datafield>
  <datafield tag="260" ind1=" " ind2=" ">
    <subfield code="a">New Delhi</subfield>
    <subfield code="b">Arihant Books</subfield>
    <subfield code="c">2024</subfield>
  </datafield>
  <datafield tag="270" ind1=" " ind2=" ">
    <subfield code="a">2/19, Ansari Road, Darya Ganj</subfield>
    <subfield code="b">New Delhi</subfield>
    <subfield code="e">110002</subfield>
    <subfield code="m">books.arihant2023@gmail.com</subfield>
  </datafield>
  <datafield tag="300" ind1=" " ind2=" ">
    <subfield code="a">236p.</subfield>
    <subfield code="c">24cm(hb)</subfield>
  </datafield>
  <datafield tag="942" ind1=" " ind2=" ">
    <subfield code="2">ddc</subfield>
    <subfield code="c">EN</subfield>
    <subfield code="h">181.499</subfield>
    <subfield code="m">GIR</subfield>
  </datafield>
  <datafield tag="999" ind1=" " ind2=" ">
    <subfield code="c">209323</subfield>
    <subfield code="d">209323</subfield>
  </datafield>
  <datafield tag="952" ind1=" " ind2=" ">
    <subfield code="0">0</subfield>
    <subfield code="1">0</subfield>
    <subfield code="4">0</subfield>
    <subfield code="7">0</subfield>
    <subfield code="8">NFIC</subfield>
    <subfield code="a">L</subfield>
    <subfield code="b">L</subfield>
    <subfield code="d">2025-08-22</subfield>
    <subfield code="e">Arihant Books /AB/IN/98/26.3.25/8/15.3.25/27.3.25</subfield>
    <subfield code="g">1350.00</subfield>
    <subfield code="l">0</subfield>
    <subfield code="o">181.499 GIR</subfield>
    <subfield code="p">B-772802</subfield>
    <subfield code="r">2025-08-22 00:00:00</subfield>
    <subfield code="t">1</subfield>
    <subfield code="v">1350.00</subfield>
    <subfield code="w">2025-08-22</subfield>
    <subfield code="y">EN</subfield>
  </datafield>
  <datafield tag="952" ind1=" " ind2=" ">
    <subfield code="0">0</subfield>
    <subfield code="1">0</subfield>
    <subfield code="4">0</subfield>
    <subfield code="7">0</subfield>
    <subfield code="8">NFIC</subfield>
    <subfield code="a">BL1</subfield>
    <subfield code="b">BL1</subfield>
    <subfield code="d">2025-08-22</subfield>
    <subfield code="e">Arihant Books /AB/IN/98/26.3.25/8/15.3.25/27.3.25</subfield>
    <subfield code="g">1350.00</subfield>
    <subfield code="l">0</subfield>
    <subfield code="o">181.499 GIR</subfield>
    <subfield code="p">B-772803</subfield>
    <subfield code="r">2025-08-22 00:00:00</subfield>
    <subfield code="t">1</subfield>
    <subfield code="v">1350.00</subfield>
    <subfield code="w">2025-08-22</subfield>
    <subfield code="y">EN</subfield>
  </datafield>
  <datafield tag="952" ind1=" " ind2=" ">
    <subfield code="0">0</subfield>
    <subfield code="1">0</subfield>
    <subfield code="4">0</subfield>
    <subfield code="7">0</subfield>
    <subfield code="8">NFIC</subfield>
    <subfield code="a">JP</subfield>
    <subfield code="b">JP</subfield>
    <subfield code="d">2025-08-22</subfield>
    <subfield code="e">Arihant Books /AB/IN/98/26.3.25/8/15.3.25/27.3.25</subfield>
    <subfield code="g">1350.00</subfield>
    <subfield code="l">0</subfield>
    <subfield code="o">181.499 GIR</subfield>
    <subfield code="p">B-772804</subfield>
    <subfield code="r">2025-08-22 00:00:00</subfield>
    <subfield code="t">1</subfield>
    <subfield code="v">1350.00</subfield>
    <subfield code="w">2025-08-22</subfield>
    <subfield code="y">EN</subfield>
  </datafield>
  <datafield tag="952" ind1=" " ind2=" ">
    <subfield code="0">0</subfield>
    <subfield code="1">0</subfield>
    <subfield code="4">0</subfield>
    <subfield code="7">0</subfield>
    <subfield code="8">NFIC</subfield>
    <subfield code="a">ZLS</subfield>
    <subfield code="b">ZLS</subfield>
    <subfield code="d">2025-08-22</subfield>
    <subfield code="e">Arihant Books /AB/IN/98/26.3.25/8/15.3.25/27.3.25</subfield>
    <subfield code="g">1350.00</subfield>
    <subfield code="l">0</subfield>
    <subfield code="o">181.499 GIR</subfield>
    <subfield code="p">B-772805</subfield>
    <subfield code="r">2025-08-22 00:00:00</subfield>
    <subfield code="t">1</subfield>
    <subfield code="v">1350.00</subfield>
    <subfield code="w">2025-08-22</subfield>
    <subfield code="y">EN</subfield>
  </datafield>
  <datafield tag="952" ind1=" " ind2=" ">
    <subfield code="0">0</subfield>
    <subfield code="1">0</subfield>
    <subfield code="4">0</subfield>
    <subfield code="7">0</subfield>
    <subfield code="8">NFIC</subfield>
    <subfield code="a">VP</subfield>
    <subfield code="b">VP</subfield>
    <subfield code="d">2025-08-22</subfield>
    <subfield code="e">Arihant Books /AB/IN/98/26.3.25/8/15.3.25/27.3.25</subfield>
    <subfield code="g">1350.00</subfield>
    <subfield code="l">0</subfield>
    <subfield code="o">181.499 GIR</subfield>
    <subfield code="p">B-772806</subfield>
    <subfield code="r">2025-08-22 00:00:00</subfield>
    <subfield code="t">1</subfield>
    <subfield code="v">1350.00</subfield>
    <subfield code="w">2025-08-22</subfield>
    <subfield code="y">EN</subfield>
  </datafield>
  <datafield tag="952" ind1=" " ind2=" ">
    <subfield code="0">0</subfield>
    <subfield code="1">0</subfield>
    <subfield code="4">0</subfield>
    <subfield code="7">0</subfield>
    <subfield code="8">NFIC</subfield>
    <subfield code="a">NR</subfield>
    <subfield code="b">NR</subfield>
    <subfield code="d">2025-08-22</subfield>
    <subfield code="e">Arihant Books /AB/IN/98/26.3.25/8/15.3.25/27.3.25</subfield>
    <subfield code="g">1350.00</subfield>
    <subfield code="l">0</subfield>
    <subfield code="o">181.499 GIR</subfield>
    <subfield code="p">B-772807</subfield>
    <subfield code="r">2025-08-22 00:00:00</subfield>
    <subfield code="t">1</subfield>
    <subfield code="v">1350.00</subfield>
    <subfield code="w">2025-08-22</subfield>
    <subfield code="y">EN</subfield>
  </datafield>
  <datafield tag="952" ind1=" " ind2=" ">
    <subfield code="0">0</subfield>
    <subfield code="1">0</subfield>
    <subfield code="4">0</subfield>
    <subfield code="7">0</subfield>
    <subfield code="8">NFIC</subfield>
    <subfield code="a">M</subfield>
    <subfield code="b">M</subfield>
    <subfield code="d">2025-08-22</subfield>
    <subfield code="e">Arihant Books /AB/IN/98/26.3.25/8/15.3.25/27.3.25</subfield>
    <subfield code="g">1350.00</subfield>
    <subfield code="l">0</subfield>
    <subfield code="o">181.499 GIR</subfield>
    <subfield code="p">B-772808</subfield>
    <subfield code="r">2025-08-22 00:00:00</subfield>
    <subfield code="t">1</subfield>
    <subfield code="v">1350.00</subfield>
    <subfield code="w">2025-08-22</subfield>
    <subfield code="y">EN</subfield>
  </datafield>
  <datafield tag="952" ind1=" " ind2=" ">
    <subfield code="0">0</subfield>
    <subfield code="1">0</subfield>
    <subfield code="4">0</subfield>
    <subfield code="7">0</subfield>
    <subfield code="8">NFIC</subfield>
    <subfield code="a">BL4</subfield>
    <subfield code="b">BL4</subfield>
    <subfield code="d">2025-08-22</subfield>
    <subfield code="e">Arihant Books /AB/IN/98/26.3.25/8/15.3.25/27.3.25</subfield>
    <subfield code="g">1350.00</subfield>
    <subfield code="l">0</subfield>
    <subfield code="o">181.499 GIR</subfield>
    <subfield code="p">B-772809</subfield>
    <subfield code="r">2025-08-22 00:00:00</subfield>
    <subfield code="t">1</subfield>
    <subfield code="v">1350.00</subfield>
    <subfield code="w">2025-08-22</subfield>
    <subfield code="y">EN</subfield>
  </datafield>
  <datafield tag="952" ind1=" " ind2=" ">
    <subfield code="0">0</subfield>
    <subfield code="1">0</subfield>
    <subfield code="4">0</subfield>
    <subfield code="7">0</subfield>
    <subfield code="8">NFIC</subfield>
    <subfield code="a">M</subfield>
    <subfield code="b">M</subfield>
    <subfield code="d">2025-09-08</subfield>
    <subfield code="e">Delivery of Books Act Division</subfield>
    <subfield code="g">1350.00</subfield>
    <subfield code="l">0</subfield>
    <subfield code="o">181.499 GIR</subfield>
    <subfield code="p">EN-130317</subfield>
    <subfield code="r">2025-09-08 00:00:00</subfield>
    <subfield code="t">1</subfield>
    <subfield code="v">1350.00</subfield>
    <subfield code="w">2025-09-08</subfield>
    <subfield code="y">EN</subfield>
  </datafield>
</record>
